| 000 | 00673nam a2200205 4500 | ||
|---|---|---|---|
| 001 | 108427 | ||
| 003 | ES-MaACL | ||
| 005 | 20230906184636.0 | ||
| 007 | t| | ||
| 008 | 061121s1943 ag r ||||1| spa d | ||
| 100 | 1 |
_aMondolfo, Rodolfo. _982147 |
|
| 245 | 1 | 0 |
_aRousseau y la conciencia moderna / _cRodolfo Mondolfo; traducido del italiano por Vicente P. Quintero. |
| 260 |
_aBuenos Aires : _bImán, _c1943. |
||
| 300 |
_a133 p. ; _c21 cm. |
||
| 490 | 1 | _aPanorama de la filosofía y la cultura | |
| 700 | 1 |
_aQuintero, Vicente P. _994722 |
|
| 830 | 0 |
_aPanorama de la filosofía y la cultura _9185562 |
|
| 852 |
_aES-MaACL _jD-5599 _bR.27201 |
||
| 999 |
_c108427 _d108427 |
||